MARC

LEADER 00000nab a2200000 a 4500
001 vtls000925935
003 SK-MaSNL
005 20260303033722.0
008 040720e19960000xo 0 slo
035 |a KE34812 
040 |a KEVKJB  |b slo  |c KEVKJB  |e AACR2 
041 0 |a slo 
044 |a xo  |c SK 
080 |a 061.2  |2 1981 
100 0 |a (Hlas)  |4 aut  |9 1017840 
245 1 0 |a Modlitbou proti vymieraniu 
590 |a Vavro, Jozef  |b jednateľ MAN 
600 1 7 |a Vavro, Jozef  |2 KEVKJB  |9 283274 
610 2 7 |a Modrá armáda rytierov Nepoškvrnenej  |2 KEVKJB  |9 1017841 
650 0 7 |a iniciatívy občianske  |2 KEVKJB  |9 1017842 
650 0 7 |a iniciatívy protiinterupčné  |2 KEVKJB  |9 1017843 
650 0 7 |a informácie  |2 KEVKJB  |9 1285 
651 7 |a Kováčska ulica (Košice, Slovensko)  |2 KEVKJB  |9 878262 
651 7 |a Košice (Slovensko)  |2 KEVKJB  |9 18694 
651 7 |a KE,  |2 KEVKJB  |9 877256 
655 7 |a periodikum  |2 snkbucl  |9 29553 
710 2 |a Modrá armáda rytierov Nepoškvrnenej  |4 aut  |9 1017841 
773 0 8 |t Zrno - Hlas, č.11 (1996), s. 3 
852 |a ZVYKNI  |b KIS3GCP 
999 |c 1671183  |d 1673113